[Event "Stay Safe Play From Home 152"]
[Site "T#646138Emanuel Laske"]
[Date "2020.05.17"]
[Round "8"]
[White "Haxhi Baha"]
[Black "Edmatuag"]
[Result "1-0"]
[WhiteElo "1878"]
[BlackElo "1675"]
[Annotator "NA"]
[PlyCount "69"]
[EventDate "2020.05.17"]
[EventType "swiss (blitz)"]

1. e4 {[%emt 0:00:01]} c6 {[%emt 0:00:01]} 2. Nf3 {[%emt 0:00:01]} d6 {[%emt 0:00:01]} 3. Nc3 {[%emt 0:00:00]} Bg4 {[%emt 0:00:01]} 4. d4 {[%emt 0:00:00]} e5 {[%emt 0:00:01]} 5. dxe5 {[%emt 0:00:02]} dxe5 {[%emt 0:00:00]} 6. Qxd8+ {[%emt 0:00:01]} Kxd8 {[%emt 0:00:00]} 7. Nxe5 {[%emt 0:00:00]} Be6 {[%emt 0:00:03]} 8. f4 {[%emt 0:00:01]} f6 {[%emt 0:00:03]} 9. Nf3 {[%emt 0:00:01]} Ne7 {[%emt 0:00:02]} 10. f5 {[%emt 0:00:01]} Bf7 {[%emt 0:00:01]} 11. Bf4 {[%emt 0:00:02]} Nd7 {[%emt 0:00:00]} 12. O-O-O {[%emt 0:00:01]} Nc8 {[%emt 0:00:01]} 13. Nd4 {[%emt 0:00:01]} Ke8 {[%emt 0:00:01]} 14. Ne6 {[%emt 0:00:01]} Bxe6 {[%emt 0:00:02]} 15. fxe6 {[%emt 0:00:00]} Ne5 {[%emt 0:00:01]} 16. Bxe5 {[%emt 0:00:01]} fxe5 {[%emt 0:00:00]} 17. Be2 {[%emt 0:00:00]} Be7 {[%emt 0:00:01]} 18. Rd7 {[%emt 0:00:01]} Bg5+ {[%emt 0:00:02]} 19. Kb1 {[%emt 0:00:04]} Rb8 {[%emt 0:00:01]} 20. Rxg7 {[%emt 0:00:02]} Bh6 {[%emt 0:00:02]} 21. Bh5+ {[%emt 0:00:02]} Kf8 {[%emt 0:00:06]} 22. Rf7+ {[%emt 0:00:01]} Kg8 {[%emt 0:00:02]} 23. Rhf1 {[%emt 0:00:00]} Nd6 {[%emt 0:00:03]} 24. Rd7 {[%emt 0:00:02]} Ne8 {[%emt 0:00:04]} 25. Bf7+ {[%emt 0:00:02]} Kg7 {[%emt 0:00:03]} 26. Bxe8+ {[%emt 0:00:01]} Kg8 {[%emt 0:00:02]} 27. Bh5 {[%emt 0:00:01]} Bg7 {[%emt 0:00:02]} 28. Rff7 {[%emt 0:00:01]} Bf8 {[%emt 0:00:02]} 29. e7 {[%emt 0:00:06]} Bg7 {[%emt 0:00:03]} 30. Rxg7+ {[%emt 0:00:04]} Kxg7 {[%emt 0:00:02]} 31. e8=Q+ {[%emt 0:00:00]} Kf6 {[%emt 0:00:01]} 32. Qf7+ {[%emt 0:00:01]} Kg5 {[%emt 0:00:01]} 33. Bf3 {[%emt 0:00:01]} Rhf8 {[%emt 0:00:02]} 34. Qh5+ {[%emt 0:00:00]} Kf4 {[%emt 0:00:02]} 35. Qh6# {[%emt 0:00:01] (Lag: Av=0.59s, max=0.8s)} 1-0

[Event "Stay Safe Play From Home 152"]
[Site "T#646138Emanuel Laske"]
[Date "2020.05.17"]
[Round "8"]
[White "Trotsky"]
[Black "Haris kollari 13"]
[Result "0-1"]
[WhiteElo "1567"]
[BlackElo "1690"]
[Annotator "NA"]
[PlyCount "66"]
[EventDate "2020.05.17"]
[EventType "swiss (blitz)"]

1. d4 {[%emt 0:00:01]} e6 {[%emt 0:00:00]} 2. e3 {[%emt 0:00:00]} d5 {[%emt 0:00:00]} 3. c4 {[%emt 0:00:01]} c6 {[%emt 0:00:01]} 4. Nc3 {[%emt 0:00:01]} f5 {[%emt 0:00:01]} 5. Nf3 {[%emt 0:00:01]} Nf6 {[%emt 0:00:00]} 6. c5 {[%emt 0:00:01]} Be7 {[%emt 0:00:01]} 7. Bd3 {[%emt 0:00:01]} Nbd7 {[%emt 0:00:01]} 8. Qc2 {[%emt 0:00:01]} b6 {[%emt 0:00:01]} 9. Bd2 {[%emt 0:00:02]} b5 {[%emt 0:00:01]} 10. Ng5 {[%emt 0:00:01]} Nf8 {[%emt 0:00:05]} 11. h4 {[%emt 0:00:02]} h6 {[%emt 0:00:01]} 12. Nxe6 {[%emt 0:00:06]} Bxe6 {[%emt 0:00:02]} 13. O-O-O {[%emt 0:00:02]} Qd7 {[%emt 0:00:01]} 14. f3 {[%emt 0:00:01]} g6 {[%emt 0:00:01]} 15. g4 {[%emt 0:00:01]} fxg4 {[%emt 0:00:03]} 16. Bxg6+ {[%emt 0:00:02]} Nxg6 {[%emt 0:00:02]} 17. Qxg6+ {[%emt 0:00:01]} Bf7 {[%emt 0:00:01]} 18. Qc2 {[%emt 0:00:02]} gxf3 {[%emt 0:00:02]} 19. e4 {[%emt 0:00:01]} dxe4 {[%emt 0:00:01]} 20. Nxe4 {[%emt 0:00:04]} Nxe4 {[%emt 0:00:01]} 21. Qxe4 {[%emt 0:00:01]} O-O-O {[%emt 0:00:02]} 22. Bf4 {[%emt 0:00:03]} Bf6 {[%emt 0:00:03]} 23. Qe3 {[%emt 0:00:09]} Bd5 {[%emt 0:00:01]} 24. Qa3 {[%emt 0:00:02]} Kb7 {[%emt 0:00:02]} 25. Qc3 {[%emt 0:00:05]} Rhf8 {[%emt 0:00:01]} 26. Rd3 {[%emt 0:00:01]} f2 {[%emt 0:00:02]} 27. Rf1 {[%emt 0:00:02]} Bxh4 {[%emt 0:00:01]} 28. Be3 {[%emt 0:00:02]} Bg5 {[%emt 0:00:02]} 29. Bxg5 {[%emt 0:00:02]} hxg5 {[%emt 0:00:01]} 30. Qd2 {[%emt 0:00:01]} g4 {[%emt 0:00:01]} 31. Ra3 {[%emt 0:00:01]} g3 {[%emt 0:00:01]} 32. Qa5 {[%emt 0:00:01]} Ka8 {[%emt 0:00:01]} 33. Qb6 {[%emt 0:00:02]} Qb7 {[%emt 0:00:02] Âðåìÿ (Lag: Av=0.36s, max=0.7s) '} 0-1

[Event "Stay Safe Play From Home 152"]
[Site "T#646138Emanuel Laske"]
[Date "2020.05.17"]
[Round "8"]
[White "UHU4"]
[Black "Konmos"]
[Result "0-1"]
[WhiteElo "1504"]
[BlackElo "1764"]
[Annotator "NA"]
[PlyCount "56"]
[EventDate "2020.05.17"]
[EventType "swiss (blitz)"]

1. e4 {[%emt 0:00:01]} d5 {[%emt 0:00:01]} 2. exd5 {[%emt 0:00:01]} Nf6 {[%emt 0:00:00]} 3. Nc3 {[%emt 0:00:00]} c6 {[%emt 0:00:01]} 4. d4 {[%emt 0:00:02]} cxd5 {[%emt 0:00:01]} 5. Nf3 {[%emt 0:00:01]} Bg4 {[%emt 0:00:02]} 6. Bd3 {[%emt 0:00:02]} e6 {[%emt 0:00:01]} 7. Bg5 {[%emt 0:00:01]} Nc6 {[%emt 0:00:01]} 8. Qd2 {[%emt 0:00:06]} Bxf3 {[%emt 0:00:02]} 9. gxf3 {[%emt 0:00:01]} Nxd4 {[%emt 0:00:00]} 10. Bxf6 {[%emt 0:00:10]} Qxf6 {[%emt 0:00:04]} 11. Bb5+ {[%emt 0:00:01]} Kd8 {[%emt 0:00:03]} 12. O-O-O {[%emt 0:00:04]} Bb4 {[%emt 0:00:02]} 13. Qxd4 {[%emt 0:00:02]} Bxc3 {[%emt 0:00:03]} 14. Qxc3 {[%emt 0:00:03]} Qxc3 {[%emt 0:00:02]} 15. bxc3 {[%emt 0:00:01]} a6 {[%emt 0:00:00]} 16. Ba4 {[%emt 0:00:01]} b5 {[%emt 0:00:00]} 17. Bb3 {[%emt 0:00:01]} Kc7 {[%emt 0:00:00]} 18. Rhg1 {[%emt 0:00:01]} g6 {[%emt 0:00:01]} 19. h4 {[%emt 0:00:05]} h5 {[%emt 0:00:01]} 20. f4 {[%emt 0:00:01]} Kc6 {[%emt 0:00:01]} 21. Rde1 {[%emt 0:00:01]} a5 {[%emt 0:00:02]} 22. a4 {[%emt 0:00:01]} bxa4 {[%emt 0:00:03]} 23. Bxa4+ {[%emt 0:00:01]} Kc5 {[%emt 0:00:00]} 24. Kd2 {[%emt 0:00:02]} Rab8 {[%emt 0:00:02]} 25. Rb1 {[%emt 0:00:01]} Kd6 {[%emt 0:00:07]} 26. Rb3 {[%emt 0:00:05]} Rxb3 {[%emt 0:00:01]} 27. cxb3 {[%emt 0:00:02]} Ra8 {[%emt 0:00:01]} 28. Re1 {[%emt 0:00:02]} Kc5 {[%emt 0:00:00] Tiempo (Lag: Av=0.96s, max=1.3s)} 0-1

[Event "Stay Safe Play From Home 152"]
[Site "T#646138Emanuel Laske"]
[Date "2020.05.17"]
[Round "9"]
[White "Mepe_Nika"]
[Black "Castlingarrocco"]
[Result "1-0"]
[WhiteElo "2321"]
[BlackElo "2053"]
[Annotator "TA"]
[PlyCount "73"]
[EventDate "2020.05.17"]
[EventType "swiss (blitz)"]

{[%evp 9,73,0,18,16,35,17,44,-308,-306,-311,-258,-254,-109,-127,-109,-479,-372,-375,-374,-399,-393,-394,-377,-416,-403,-470,-470,-532,-529,-520,-516,-551,-438,-420,-423,-427,18,0,0,-8,-8,-179,-8,-410,-168,-173,70,-175,433,0,281,229,603,231,523,289,277,-14,-16,-14,-2,-2,266,15,1444,1398]} 1. c4 c6 2. d4 d5 3. cxd5 cxd5 4. Bg5 f6 5. Bh4 {[#]} e6 $146 ({Predecessor:} 5... Nh6 6. f3 Nc6 7. e3 Bf5 8. Nc3 e6 9. Rc1 Be7 10. Nge2 O-O 11. Bf2 Bg6 {0-1 (70) Sokolov,I (2626)-Pourramezanali,A (2505) Bandar e Anzali 2017}) 6. Nc3 {D10: Slav Defence: 3 cxd5 (without early Nf3) and 3 Nc3.} Be7 7. Nf3 f5 8. e3 $2 {[%mdl 8192]} (8. Bxe7 $14 {stays ahead.} Qxe7 9. e3) 8... Bxh4 $19 9. Bb5+ Nc6 10. Ne5 {Black should prevent Qh5+.} Bd7 (10... Kf8 $19 {and Black stays clearly on top.} 11. Bxc6 bxc6) 11. Qh5+ $17 g6 {[#]} 12. Qf3 $2 {[%mdl 8192]} (12. Nxg6 $1 $17 {[%mdl 512]} hxg6 13. Qxh8) 12... Bf6 13. Nxd7 Qxd7 14. h4 Nge7 15. h5 O-O-O 16. Rc1 Kb8 17. a3 g5 18. Qe2 e5 19. dxe5 Bxe5 20. Na4 a6 21. Nc5 Qd6 22. Bxa6 d4 $2 ({Better is} 22... bxa6 $19 23. Qxa6 Qc7) 23. Nxb7 $11 Qc7 24. Qb5 Ka7 25. O-O $2 {[#]} (25. Nxd8 $11 Rxd8 26. exd4) 25... Qb6 $2 (25... Rb8 $1 $19 {aiming for ...dxe3.} 26. Qa4 Rxb7 27. Bxb7+ Kxb7) 26. a4 $2 {[%mdl 8192]} (26. Qxb6+ $11 {and White has nothing to worry.} Kxb6 27. Nxd8 Rxd8 28. Bc4) 26... Qxb5 (26... Qxa6 $142 27. Nxd8 Rxd8) 27. axb5 $19 Nb4 $2 (27... Rd5 $19 {White must now prevent ...dxe3.} 28. Ra1 Nb4 29. exd4 Bxd4) 28. exd4 $2 (28. Nxd8 $14 {keeps the upper hand.} Rxd8 29. exd4 Rxd4 30. Rfe1) 28... Bxd4 $4 {[%mdl 8192]} (28... Rxd4 $19 {avoids the disaster. ...Nd3 is the strong threat.} 29. Nc5 Rd5) 29. Rc7 $2 ({White must play} 29. Nxd8 $18 Ned5 30. Nc6+ Nxc6 31. Rxc6) 29... Kb6 $2 {[%mdl 8192]} ({Much worse is} 29... Nxa6 $6 30. bxa6 Nd5 31. Nxd8+ $16) (29... Nbd5 $11 30. Rc4 Bxb2 31. Nxd8 Rxd8) 30. Rxe7 $18 Nxa6 $2 (30... Rd5 31. Rfe1 Nxa6) 31. bxa6 $2 (31. Nxd8 Rxd8 32. bxa6 Kxa6 33. Rxh7) 31... Rb8 $2 (31... Rd5 32. Ra1 h6 33. Re6+ Kc7 34. Rc1+ Kb8) 32. Nd6 Bc5 33. Nxf5 $2 (33. Re6 $18 Ka7 34. Nf7 (34. Nxf5 Rxb2 35. Ng3 Rb6 $18)) 33... Bxe7 $11 34. Nxe7 Rhe8 35. Nd5+ Kc5 $2 {[%mdl 8192]} (35... Ka7 $11 {and Black is okay.}) 36. Nf6 $2 (36. Nc7 $18) 36... Re2 $2 {[%mdl 8192]} (36... Re7 $11) 37. Nd7+ {[%mdl 64] Double Attack. Accuracy: White = 29%, Black = 28%.} 1-0

[Event "Stay Safe Play From Home 152"]
[Site "T#646138Emanuel Laske"]
[Date "2020.05.17"]
[Round "9"]
[White "Indianquant"]
[Black "Konmos"]
[Result "1-0"]
[WhiteElo "2226"]
[BlackElo "1770"]
[Annotator "RC"]
[PlyCount "79"]
[EventDate "2020.05.17"]
[EventType "swiss (blitz)"]

1. Nf3 {[%emt 0:00:02]} e5 {[%emt 0:00:01]} 2. Nxe5 {[%emt 0:00:01]} Nc6 {[%emt 0:00:00]} 3. Nf3 {[%emt 0:00:00]} d5 {[%emt 0:00:00]} 4. b3 {[%emt 0:00:01]} Bg4 {[%emt 0:00:00]} 5. Bb2 {[%emt 0:00:01]} Bxf3 {[%emt 0:00:00]} 6. gxf3 {[%emt 0:00:00]} Nf6 {[%emt 0:00:01]} 7. e3 {[%emt 0:00:00]} Bd6 {[%emt 0:00:01]} 8. Rg1 {[%emt 0:00:01]} a6 {[%emt 0:00:00]} 9. Rxg7 {[%emt 0:00:02]} Be5 {[%emt 0:00:00]} 10. d4 {[%emt 0:00:01]} Bxh2 {[%emt 0:00:02]} 11. Rg2 {[%emt 0:00:01]} Bd6 {[%emt 0:00:02]} 12. Nd2 {[%emt 0:00:01]} Qd7 {[%emt 0:00:01]} 13. a3 {[%emt 0:00:01]} O-O-O {[%emt 0:00:01]} 14. Bd3 {[%emt 0:00:01]} h5 {[%emt 0:00:01]} 15. Rg5 {[%emt 0:00:05]} h4 {[%emt 0:00:01]} 16. Bf5 {[%emt 0:00:00]} h3 {[%emt 0:00:03]} 17. Ke2 {[%emt 0:00:02]} h2 {[%emt 0:00:04]} 18. Bxd7+ {[%emt 0:00:00]} Kxd7 {[%emt 0:00:03]} 19. Qh1 {[%emt 0:00:01]} Rde8 {[%emt 0:00:05]} 20. Rf5 {[%emt 0:00:01]} Ke6 {[%emt 0:00:02]} 21. Rxf6+ {[%emt 0:00:01]} Kxf6 {[%emt 0:00:01]} 22. c4 {[%emt 0:00:01]} Ne7 {[%emt 0:00:03]} 23. e4 {[%emt 0:00:02]} Bf4 {[%emt 0:00:03]} 24. cxd5 {[%emt 0:00:02]} Ng8 {[%emt 0:00:04]} 25. e5+ {[%emt 0:00:02]} Ke7 {[%emt 0:00:02]} 26. Ne4 {[%emt 0:00:00]} Nh6 {[%emt 0:00:02]} 27. d6+ {[%emt 0:00:02]} cxd6 {[%emt 0:00:01]} 28. Nxd6 {[%emt 0:00:00]} Reg8 {[%emt 0:00:03]} 29. Bc3 {[%emt 0:00:03]} Ke6 {[%emt 0:00:01]} 30. Bd2 {[%emt 0:00:01]} Bxd2 {[%emt 0:00:03]} 31. Kxd2 {[%emt 0:00:00]} Nf5 {[%emt 0:00:01]} 32. Kd3 {[%emt 0:00:01]} Nxd6 {[%emt 0:00:01]} 33. exd6 {[%emt 0:00:00]} Kxd6 {[%emt 0:00:00]} 34. Re1 {[%emt 0:00:01]} b5 {[%emt 0:00:01]} 35. b4 {[%emt 0:00:01]} f5 {[%emt 0:00:01]} 36. f4 {[%emt 0:00:01]} Rg4 {[%emt 0:00:01]} 37. Re5 {[%emt 0:00:02]} Rxf4 {[%emt 0:00:01]} 38. Qd5+ {[%emt 0:00:01]} Kc7 {[%emt 0:00:01]} 39. Re7+ {[%emt 0:00:00]} Kc8 {[%emt 0:00:01]} 40. Qb7+ {[%emt 0:00:01] Zeit '} 1-0

[Event "Stay Safe Play From Home 152"]
[Site "T#646138Emanuel Laske"]
[Date "2020.05.17"]
[Round "9"]
[White "SoulofWolf"]
[Black "Weltszmerc"]
[Result "1-0"]
[WhiteElo "2179"]
[BlackElo "2086"]
[PlyCount "87"]
[EventDate "2020.05.17"]
[EventType "swiss (blitz)"]

1. c4 {[%emt 0:00:00]} b6 {[%emt 0:00:02]} 2. Nc3 {[%emt 0:00:00]} Bb7 {[%emt 0:00:00]} 3. Nf3 {[%emt 0:00:01]} Nf6 {[%emt 0:00:01]} 4. d3 {[%emt 0:00:02]} e6 {[%emt 0:00:00]} 5. a4 {[%emt 0:00:01]} d5 {[%emt 0:00:00]} 6. a5 {[%emt 0:00:01]} dxc4 {[%emt 0:00:00]} 7. dxc4 {[%emt 0:00:01]} Qxd1+ {[%emt 0:00:01]} 8. Nxd1 {[%emt 0:00:00]} Bb4+ {[%emt 0:00:02]} 9. Bd2 {[%emt 0:00:01]} Bxd2+ {[%emt 0:00:00]} 10. Nxd2 {[%emt 0:00:00]} Nc6 {[%emt 0:00:01]} 11. a6 {[%emt 0:00:01]} Bc8 {[%emt 0:00:01]} 12. e3 {[%emt 0:00:00]} O-O {[%emt 0:00:00]} 13. Be2 {[%emt 0:00:01]} Nb4 {[%emt 0:00:01]} 14. O-O {[%emt 0:00:01]} c5 {[%emt 0:00:01]} 15. Bf3 {[%emt 0:00:02]} Rb8 {[%emt 0:00:01]} 16. Nc3 {[%emt 0:00:01]} Rd8 {[%emt 0:00:01]} 17. Nde4 {[%emt 0:00:01]} Nxe4 {[%emt 0:00:02]} 18. Bxe4 {[%emt 0:00:00]} Bd7 {[%emt 0:00:01]} 19. Nb5 {[%emt 0:00:01]} Bxb5 {[%emt 0:00:02]} 20. cxb5 {[%emt 0:00:00]} Kf8 {[%emt 0:00:01]} 21. g4 {[%emt 0:00:02]} h6 {[%emt 0:00:01]} 22. h4 {[%emt 0:00:01]} Ke7 {[%emt 0:00:01]} 23. h5 {[%emt 0:00:00]} Rd2 {[%emt 0:00:01]} 24. Rab1 {[%emt 0:00:03]} Rbd8 {[%emt 0:00:00]} 25. Rfe1 {[%emt 0:00:03]} Kf6 {[%emt 0:00:03]} 26. Kg2 {[%emt 0:00:01]} Ke5 {[%emt 0:00:02]} 27. Kf3 {[%emt 0:00:01]} f5 {[%emt 0:00:01]} 28. gxf5 {[%emt 0:00:00]} exf5 {[%emt 0:00:00]} 29. Bb7 {[%emt 0:00:02]} Nd3 {[%emt 0:00:01]} 30. Re2 {[%emt 0:00:01]} Rxe2 {[%emt 0:00:04]} 31. Kxe2 {[%emt 0:00:00]} Nb4 {[%emt 0:00:02]} 32. Rg1 {[%emt 0:00:01]} Rd7 {[%emt 0:00:01]} 33. Rg6 {[%emt 0:00:05]} Nd3 {[%emt 0:00:02]} 34. Bc6 {[%emt 0:00:03]} Nc1+ {[%emt 0:00:02]} 35. Kf3 {[%emt 0:00:02]} Re7 {[%emt 0:00:01]} 36. Rg1 {[%emt 0:00:03]} Nd3 {[%emt 0:00:02]} 37. Rb1 {[%emt 0:00:01]} Nb4 {[%emt 0:00:01]} 38. Bb7 {[%emt 0:00:01]} Kf6 {[%emt 0:00:01]} 39. Rd1 {[%emt 0:00:01]} Kg5 {[%emt 0:00:01]} 40. Rh1 {[%emt 0:00:01]} Kf6 {[%emt 0:00:01]} 41. Ke2 {[%emt 0:00:01]} Rd7 {[%emt 0:00:02]} 42. Rg1 {[%emt 0:00:01]} Ke5 {[%emt 0:00:04]} 43. Rg6 {[%emt 0:00:00]} Nc2 {[%emt 0:00:03]} 44. f4# {[%emt 0:00:01] (Lag: Av=0.68s, max=1.3s)} 1-0

[Event "Stay Safe Play From Home 152"]
[Site "T#646138Emanuel Laske"]
[Date "2020.05.17"]
[Round "9"]
[White "Don59as"]
[Black "Haxhi Baha"]
[Result "0-1"]
[WhiteElo "2052"]
[BlackElo "1886"]
[Annotator "NA"]
[PlyCount "104"]
[EventDate "2020.05.17"]
[EventType "swiss (blitz)"]

1. c4 {[%emt 0:00:01]} e6 {[%emt 0:00:01]} 2. e4 {[%emt 0:00:01]} d5 {[%emt 0:00:00]} 3. cxd5 {[%emt 0:00:00]} exd5 {[%emt 0:00:00]} 4. e5 {[%emt 0:00:00]} c5 {[%emt 0:00:01]} 5. Nf3 {[%emt 0:00:00]} Nc6 {[%emt 0:00:00]} 6. Nc3 {[%emt 0:00:01]} d4 {[%emt 0:00:01]} 7. Ne4 {[%emt 0:00:01]} Nh6 {[%emt 0:00:01]} 8. Bc4 {[%emt 0:00:01]} Bf5 {[%emt 0:00:01]} 9. Ng3 {[%emt 0:00:01]} Bg6 {[%emt 0:00:01]} 10. O-O {[%emt 0:00:01]} Be7 {[%emt 0:00:01]} 11. d3 {[%emt 0:00:01]} Nf5 {[%emt 0:00:03]} 12. Re1 {[%emt 0:00:02]} Nxg3 {[%emt 0:00:01]} 13. hxg3 {[%emt 0:00:01]} Na5 {[%emt 0:00:01]} 14. e6 {[%emt 0:00:00]} Nxc4 {[%emt 0:00:01]} 15. dxc4 {[%emt 0:00:01]} O-O {[%emt 0:00:03]} 16. Bf4 {[%emt 0:00:01]} Rc8 {[%emt 0:00:04]} 17. Ne5 {[%emt 0:00:02]} f6 {[%emt 0:00:05]} 18. Nxg6 {[%emt 0:00:01]} hxg6 {[%emt 0:00:00]} 19. Qg4 {[%emt 0:00:02]} g5 {[%emt 0:00:01]} 20. Bd2 {[%emt 0:00:02]} Qe8 {[%emt 0:00:01]} 21. Qf5 {[%emt 0:00:04]} Rc6 {[%emt 0:00:03]} 22. g4 {[%emt 0:00:01]} g6 {[%emt 0:00:01]} 23. Qe4 {[%emt 0:00:02]} Kg7 {[%emt 0:00:01]} 24. g3 {[%emt 0:00:01]} Qd8 {[%emt 0:00:01]} 25. Kg2 {[%emt 0:00:01]} Qd6 {[%emt 0:00:01]} 26. Re2 {[%emt 0:00:03]} Re8 {[%emt 0:00:01]} 27. Rae1 {[%emt 0:00:01]} a6 {[%emt 0:00:00]} 28. Qd5 {[%emt 0:00:01]} b5 {[%emt 0:00:02]} 29. Qxd6 {[%emt 0:00:03]} Rxd6 {[%emt 0:00:00]} 30. cxb5 {[%emt 0:00:00]} axb5 {[%emt 0:00:00]} 31. a3 {[%emt 0:00:01]} Bd8 {[%emt 0:00:05]} 32. Rc1 {[%emt 0:00:02]} Bb6 {[%emt 0:00:02]} 33. Rce1 {[%emt 0:00:02]} c4 {[%emt 0:00:05]} 34. Bb4 {[%emt 0:00:02]} Rc6 {[%emt 0:00:01]} 35. f4 {[%emt 0:00:01]} d3 {[%emt 0:00:00]} 36. Re4 {[%emt 0:00:01]} gxf4 {[%emt 0:00:02]} 37. gxf4 {[%emt 0:00:01]} Bc5 {[%emt 0:00:00]} 38. f5 {[%emt 0:00:01]} Bxb4 {[%emt 0:00:00]} 39. axb4 {[%emt 0:00:01]} Rd6 {[%emt 0:00:01]} 40. Rd1 {[%emt 0:00:02]} d2 {[%emt 0:00:01]} 41. Re2 {[%emt 0:00:01]} Red8 {[%emt 0:00:01]} 42. Kf2 {[%emt 0:00:01]} gxf5 {[%emt 0:00:01]} 43. gxf5 {[%emt 0:00:01]} Rd5 {[%emt 0:00:00]} 44. e7 {[%emt 0:00:01]} Rxf5+ {[%emt 0:00:01]} 45. Kg3 {[%emt 0:00:00]} Re8 {[%emt 0:00:00]} 46. Rdxd2 {[%emt 0:00:02]} Kf7 {[%emt 0:00:00]} 47. Kg4 {[%emt 0:00:01]} Rg5+ {[%emt 0:00:01]} 48. Kf4 {[%emt 0:00:00]} Rxe7 {[%emt 0:00:00]} 49. Rxe7+ {[%emt 0:00:00]} Kxe7 {[%emt 0:00:00]} 50. Rh2 {[%emt 0:00:01]} Kf7 {[%emt 0:00:01]} 51. Ke3 {[%emt 0:00:00]} Ke6 {[%emt 0:00:00]} 52. Kd4 {[%emt 0:00:00]} Rg4+ {[%emt 0:00:00] Time (Lag: Av=0.94s, max=1.3s)} 0-1

[Event "Stay Safe Play From Home 152"]
[Site "T#646138Emanuel Laske"]
[Date "2020.05.17"]
[Round "9"]
[White "Fischer_11"]
[Black "XShot"]
[Result "0-1"]
[WhiteElo "2039"]
[BlackElo "2473"]
[Annotator "NA"]
[PlyCount "88"]
[EventDate "2020.05.17"]
[EventType "swiss (blitz)"]

1. e4 {[%emt 0:00:03]} c6 {[%emt 0:00:00]} 2. d4 {[%emt 0:00:01]} d5 {[%emt 0:00:00]} 3. exd5 {[%emt 0:00:00]} cxd5 {[%emt 0:00:00]} 4. c4 {[%emt 0:00:00]} Nf6 {[%emt 0:00:00]} 5. Nc3 {[%emt 0:00:01]} Nc6 {[%emt 0:00:00]} 6. Bg5 {[%emt 0:00:06]} Be6 {[%emt 0:00:03]} 7. c5 {[%emt 0:00:01]} Ne4 {[%emt 0:00:01]} 8. Nf3 {[%emt 0:00:00]} h6 {[%emt 0:00:03]} 9. Be3 {[%emt 0:00:02]} g6 {[%emt 0:00:01]} 10. Bd3 {[%emt 0:00:00]} Nxc3 {[%emt 0:00:01]} 11. bxc3 {[%emt 0:00:01]} Bg7 {[%emt 0:00:00]} 12. O-O {[%emt 0:00:00]} O-O {[%emt 0:00:01]} 13. Rb1 {[%emt 0:00:00]} b6 {[%emt 0:00:01]} 14. cxb6 {[%emt 0:00:01]} axb6 {[%emt 0:00:00]} 15. Qb3 {[%emt 0:00:02]} Bg4 {[%emt 0:00:04]} 16. Qxb6 {[%emt 0:00:02]} Bxf3 {[%emt 0:00:01]} 17. Qxc6 {[%emt 0:00:04]} Rc8 {[%emt 0:00:02]} 18. Qb7 {[%emt 0:00:03]} Bg4 {[%emt 0:00:02]} 19. Rfc1 {[%emt 0:00:04]} Kh7 {[%emt 0:00:02]} 20. a4 {[%emt 0:00:01]} Bd7 {[%emt 0:00:02]} 21. a5 {[%emt 0:00:01]} e6 {[%emt 0:00:01]} 22. a6 {[%emt 0:00:05] Fischer_11 bietet Remis} Bc6 {[%emt 0:00:01]} 23. Qb6 {[%emt 0:00:01]} Ba8 {[%emt 0:00:02]} 24. Qxd8 {[%emt 0:00:02]} Rfxd8 {[%emt 0:00:00]} 25. c4 {[%emt 0:00:01]} dxc4 {[%emt 0:00:01]} 26. Rxc4 {[%emt 0:00:00]} Rxc4 {[%emt 0:00:01]} 27. Bxc4 {[%emt 0:00:00]} Bxd4 {[%emt 0:00:00]} 28. Bxd4 {[%emt 0:00:01]} Rxd4 {[%emt 0:00:00]} 29. Be2 {[%emt 0:00:01]} Ra4 {[%emt 0:00:01]} 30. f3 {[%emt 0:00:03]} Ra2 {[%emt 0:00:02]} 31. Kf2 {[%emt 0:00:00]} Bd5 {[%emt 0:00:01]} 32. Ke3 {[%emt 0:00:01]} g5 {[%emt 0:00:02]} 33. Rc1 {[%emt 0:00:03]} Kg7 {[%emt 0:00:01]} 34. Rc7 {[%emt 0:00:01]} Kf6 {[%emt 0:00:01]} 35. a7 {[%emt 0:00:00]} Ke5 {[%emt 0:00:01]} 36. Bb5 {[%emt 0:00:03]} f5 {[%emt 0:00:01]} 37. Bc6 {[%emt 0:00:01]} f4+ {[%emt 0:00:01]} 38. Kd3 {[%emt 0:00:02]} Bxc6 {[%emt 0:00:01]} 39. Rxc6 {[%emt 0:00:00]} Ra3+ {[%emt 0:00:01]} 40. Kc4 {[%emt 0:00:01]} Rxa7 {[%emt 0:00:00]} 41. Rc5+ {[%emt 0:00:01]} Kf6 {[%emt 0:00:01]} 42. Rc6 {[%emt 0:00:01]} Re7 {[%emt 0:00:00]} 43. Kd4 {[%emt 0:00:01]} Rd7+ {[%emt 0:00:00]} 44. Ke4 {[%emt 0:00:00]} Rd5 {[%emt 0:00:00] Zeit (Lag: Av=0.45s, max=1.1s)} 0-1

[Event "Stay Safe Play From Home 152"]
[Site "T#646138Emanuel Laske"]
[Date "2020.05.17"]
[Round "9"]
[White "Haris kollari 13"]
[Black "Sfantul321"]
[Result "0-1"]
[WhiteElo "1701"]
[BlackElo "2032"]
[Annotator "NA"]
[PlyCount "86"]
[EventDate "2020.05.17"]
[EventType "swiss (blitz)"]

1. e4 {[%emt 0:00:01]} g6 {[%emt 0:00:01]} 2. Nf3 {[%emt 0:00:01]} Bg7 {[%emt 0:00:00]} 3. d4 {[%emt 0:00:01]} d6 {[%emt 0:00:00]} 4. c3 {[%emt 0:00:01]} Nf6 {[%emt 0:00:00]} 5. Bd3 {[%emt 0:00:01]} Bg4 {[%emt 0:00:01]} 6. Qe2 {[%emt 0:00:02]} O-O {[%emt 0:00:00]} 7. Bf4 {[%emt 0:00:01]} Nc6 {[%emt 0:00:01]} 8. Nbd2 {[%emt 0:00:01]} e5 {[%emt 0:00:01]} 9. Be3 {[%emt 0:00:02]} exd4 {[%emt 0:00:01]} 10. cxd4 {[%emt 0:00:01]} Re8 {[%emt 0:00:00]} 11. O-O {[%emt 0:00:02]} Bxf3 {[%emt 0:00:01]} 12. Qxf3 {[%emt 0:00:03]} Nd7 {[%emt 0:00:00]} 13. d5 {[%emt 0:00:01]} Nce5 {[%emt 0:00:01]} 14. Qe2 {[%emt 0:00:01]} Nxd3 {[%emt 0:00:01]} 15. Qxd3 {[%emt 0:00:01]} Ne5 {[%emt 0:00:00]} 16. Qc2 {[%emt 0:00:01]} Rc8 {[%emt 0:00:02]} 17. f3 {[%emt 0:00:01]} a6 {[%emt 0:00:01]} 18. Rac1 {[%emt 0:00:02]} c6 {[%emt 0:00:01]} 19. dxc6 {[%emt 0:00:04]} Rxc6 {[%emt 0:00:01]} 20. Qb3 {[%emt 0:00:01]} Qc8 {[%emt 0:00:02]} 21. Rxc6 {[%emt 0:00:02]} bxc6 {[%emt 0:00:01]} 22. Bd4 {[%emt 0:00:01]} c5 {[%emt 0:00:02]} 23. Bxe5 {[%emt 0:00:01]} Bxe5 {[%emt 0:00:01]} 24. Nc4 {[%emt 0:00:01]} Qc6 {[%emt 0:00:02]} 25. Rd1 {[%emt 0:00:01]} Bd4+ {[%emt 0:00:01]} 26. Kh1 {[%emt 0:00:01]} f5 {[%emt 0:00:02]} 27. exf5 {[%emt 0:00:03]} Kh8 {[%emt 0:00:01]} 28. fxg6 {[%emt 0:00:02]} hxg6 {[%emt 0:00:01]} 29. Qd3 {[%emt 0:00:03]} Qd5 {[%emt 0:00:01]} 30. Ne3 {[%emt 0:00:01]} Qe6 {[%emt 0:00:02]} 31. Ng4 {[%emt 0:00:01]} Bxb2 {[%emt 0:00:03]} 32. h3 {[%emt 0:00:03]} Be5 {[%emt 0:00:03]} 33. Nxe5 {[%emt 0:00:02]} dxe5 {[%emt 0:00:01]} 34. Qd5 {[%emt 0:00:03]} Qxd5 {[%emt 0:00:02]} 35. Rxd5 {[%emt 0:00:01]} e4 {[%emt 0:00:00]} 36. fxe4 {[%emt 0:00:02]} Rxe4 {[%emt 0:00:00]} 37. Rxc5 {[%emt 0:00:00]} Re1+ {[%emt 0:00:01]} 38. Kh2 {[%emt 0:00:02]} Re2 {[%emt 0:00:00]} 39. Rc6 {[%emt 0:00:01]} Rxa2 {[%emt 0:00:01]} 40. Rxg6 {[%emt 0:00:00]} Kh7 {[%emt 0:00:00]} 41. Rb6 {[%emt 0:00:01]} a5 {[%emt 0:00:00]} 42. Kg3 {[%emt 0:00:01]} a4 {[%emt 0:00:00]} 43. h4 {[%emt 0:00:00]} a3 {[%emt 0:00:00] Time (Lag: Av=0.31s, max=1.0s)} 0-1